[Event "FRA-chT2 East 0809"]
[Site "France"]
[Date "2009.01.17"]
[Round "5.3"]
[White "Steil Antoni, Fiona"]
[Black "Moles, Ervin"]
[Result "1/2-1/2"]
[WhiteElo "2143"]
[BlackElo "2284"]
[PlyCount "109"]
[EventDate "2008.10.19"]
[EventType "team-tourn"]
[EventRounds "11"]
[EventCountry "FRA"]
[SourceTitle "EXT 2010"]
[Source "ChessBase"]
[SourceDate "2010.11.25"]
[SourceVersion "1"]
[SourceVersionDate "2010.11.25"]
[SourceQuality "1"]
[WhiteTeam "Vandoeuvre II"]
[BlackTeam "Grenoble"]
[WhiteTeamCountry "FRA"]
[BlackTeamCountry "FRA"]

1. e4 Nf6 2. e5 Nd5 3. d4 d6 4. c4 Nb6 5. exd6 cxd6 6. Nc3 g6 7. Be3 Bg7 8. b3 0-0 9. Rc1 Nc6 10. Be2 e5 11. Nf3 Re8 12. d5 Ne7 13. 0-0 Nf5 14. Qd2 e4 15. Nd4 Nxe3 16. fxe3 a6 17. Rf2 h5 18. Rf4 Bh6 19. Rxe4 Rxe4 20. Nxe4 Qe7 21. Bf3 Bg4 22. Re1 Re8 23. Nc2 Bf5 24. Ng3 Bxc2 25. Qxc2 Bxe3+ 26. Kh1 Qd8 27. Qc3 Bf4 28. Rxe8+ Qxe8 29. Ne4 Nd7 30. g3 Be5 31. Qb4 b6 32. Qa3 f5 33. Ng5 a5 34. Ne6 Nf8 35. Qc1 Kh7 36. Qe3 Nxe6 37. dxe6 Qxe6 38. Bd5 Qf6 39. Qxb6 f4 40. Qf2 fxg3 41. Qxf6 Bxf6 42. hxg3 Bc3 43. Kg2 Be1 44. Bf7 Kg7 45. Be8 Kf6 46. Kf3 Bc3 47. Bd7 g5 48. Be8 g4+ 49. Kg2 Kg5 50. Bf7 Be1 51. Be8 h4 52. gxh4+ Kxh4 53. a3 Kg5 54. b4 Bxb4 55. a4 1/2-1/2